|
|
|
|
| LEADER |
01470nam a2200421 a 4500 |
| 001 |
000571459 |
| 003 |
CZ BrMZK |
| 005 |
20090226114413.0 |
| 007 |
ta |
| 008 |
010919s2000 xr e cze d |
| 015 |
|
|
|a cnb000887340
|
| 020 |
|
|
|a 80-86300-12-9
|
| 035 |
|
|
|a (OCoLC)56856974
|
| 040 |
|
|
|a BOA001
|b cze
|
| 043 |
|
|
|a e-xr---
|
| 045 |
|
|
|a x-x-
|
| 072 |
|
7 |
|a 76
|x Grafické umění. Grafika
|2 Konspekt
|9 21
|
| 080 |
|
|
|a 76(437.3)
|2 MRF
|
| 080 |
|
|
|a 761-037.87
|2 MRF
|
| 080 |
|
|
|a (437.3)
|2 MRF
|
| 080 |
|
|
|a (048.8)
|2 MRF
|
| 080 |
|
|
|a (084.11)
|2 MRF
|
| 100 |
1 |
|
|a Piekar, Pavel,
|d 1960-
|7 jn99240000874
|4 aut
|
| 245 |
1 |
0 |
|a Pavel Piekar :
|b linoryt : 1983-1999 : [text Radek Wohlmuth]
|
| 246 |
3 |
3 |
|a Linoryt
|
| 260 |
|
|
|a Praha :
|b Arbor vitae,
|c 2000
|
| 300 |
|
|
|a 61 s. :
|b il. ;
|c 27 cm
|
| 600 |
1 |
7 |
|a Piekar, Pavel,
|d 1960-
|7 jn99240000874
|2 czenas
|
| 648 |
|
7 |
|a 20. století
|7 ch460558
|2 czenas
|
| 650 |
0 |
7 |
|a česká grafika
|7 ph128116
|y 20. stol.
|2 czenas
|
| 650 |
0 |
7 |
|a linoryty
|7 ph211774
|z Česko
|y 20. stol.
|2 czenas
|
| 655 |
|
7 |
|a monografie
|7 fd132842
|2 czenas
|
| 655 |
|
7 |
|a obrazové publikace
|7 fd132947
|2 czenas
|
| 700 |
1 |
|
|a Wohlmuth, Radek,
|d 1967-
|7 jn20000402690
|4 aut
|
| 856 |
4 |
1 |
|u http://www.digitalniknihovna.cz/mzk/uuid/uuid:f1df8170-e0c6-11e3-b110-005056827e51
|y Digitalizovaný dokument
|x NDK
|
| 910 |
|
|
|a BOA001
|b 3-1091.001
|
| 990 |
|
|
|a BK
|
| 996 |
6 |
|
|b 2610144127
|c 3-1091.001
|l MZK
|r Sklad / do 1 hodiny
|n 4
|p p.v.
|w 000571459
|u 000010
|a 1
|e BOA001
|j MZK50
|s P
|